| 000 -ლიდერი |
| ფიქსირებული სიგრძის საკონტროლო ველი |
01153nam a2200229Ia 4500 |
| 001 - საკონტროლო ნომერი |
| საკონტროლო ველი |
4305 |
| 003 - საკონტროლო ნომრის იდენტიფიკატორი |
| საკონტროლო ველი |
GE_BSU |
| 005 - ბოლო ოპერაციის თარიღი და დრო |
| საკონტროლო ველი |
20191011163846.0 |
| 008 - ფიქსირებული სიგრძის მონაცემთა ელემენტები - ზოგადი ინფორმაცია |
| ფიქსირებული სიგრძის საკონტროლო ველი |
181216s1960||||ge |||||||||||||| ||geo|| |
| 040 ## - კატალოგიზაციის წყარო |
| Transcribing agency |
GE_BSU |
| 041 ## - ენის კოდი |
| Language code of text/sound track or separate title |
geo |
| 080 ## - უნივერსალური ათობითი კლასიფიკაციის ინდექსი |
| Universal Decimal Classification number |
336.7 ქ–62 |
| 100 ## - მთავარი ჩანაწერი - პიროვნების სახელი |
| Personal name |
ქოიავა, ნ. |
| 9 (RLIN) |
4490 |
| 245 ## - ცნობა სათაურის შესახებ |
| Title |
კაპიტალისტური ქვეყნების ფულის მიმოქცევა და კრედიტი : |
| Remainder of title |
სახელმძღვ. ეკონ. ფაკ-ტისათვის. ნაწ. 2. / |
| Statement of responsibility, etc |
რედ.კ. ნიკოლაიშვილი. |
| 264 ## - წარმოების, გამოცემის, დისტრიბუციის და სხვა ცნობები |
| გამოცემის, წარმოების, დისტრიბუციის... ადგილი |
თბილისი : |
| გამოცემის, წარმოების, დისტრიბუციის... სახელწოდება |
თბილისის სახ. უნ–ტი, |
| გამოცემის, წარმოების, დისტრიბუციის... თარიღი |
1960. |
| 300 ## - ფიზიკური აღწერა |
| Extent |
232 გვ. ; |
| Other physical details |
23 სმ. |
| 504 ## - BIBLIOGRAPHY, ETC. NOTE |
| Bibliography, etc |
ბიბლიოგრ.: გვ. 225-229. |
| 653 ## - INDEX TERM--UNCONTROLLED |
| Uncontrolled term |
ფულის მიმოქცევა კაპიტალისტურ ქვეყნებში |
| 653 ## - INDEX TERM--UNCONTROLLED |
| Uncontrolled term |
კრედიტი კაპიტალისტურ ქვეყნებში |
| 700 ## - ADDED ENTRY--PERSONAL NAME |
| Personal name |
ნიკოლაიშვილი, კ. |
| Relator term |
რედაქტორი |
| 9 (RLIN) |
4700 |
| 942 ## - ADDED ENTRY ELEMENTS (KOHA) |
| Koha item type |
წიგნი |
| Source of classification or shelving scheme |
|